000 00297nam a2200109Ia 4500
008 190216s9999||||xx |||||||||||||| ||und||
100 _aKrishan Kumar
245 0 _a"Quiz 7000,A Comprehensive Study Of General Knowledge"
260 _bDeepthi Publishing House
650 _aReferences
942 _cREF
999 _c35453
_d35453